In the shade of the nispero tree (Record no. 137398)

000 -LEADER
fixed length control field 00344nam a2200121Ia 4500
008 - FIXED-LENGTH DATA ELEMENTS--GENERAL INFORMATION
fixed length control field 220120s9999||||xx |||||||||||||| ||und||
082 ## - DEWEY DECIMAL CLASSIFICATION NUMBER
Classification number 823 BER
100 ## - MAIN ENTRY--PERSONAL NAME
Personal name Bernier Grand, Carmen, T
9 (RLIN) 11860
245 #0 - TITLE STATEMENT
Title In the shade of the nispero tree
260 ## - PUBLICATION, DISTRIBUTION, ETC.
Place of publication, distribution, etc. Scholastic INC
Name of publisher, distributor, etc. Bangalore
Date of publication, distribution, etc. 1999
300 ## - PHYSICAL DESCRIPTION
Extent 953p.;28cm
Other physical details 225
650 ## - SUBJECT ADDED ENTRY--TOPICAL TERM
Topical term or geographic name entry element NETWORK ANALYSIS
Holdings
Withdrawn status Lost status Damaged status Not for loan Collection code Home library Current library Date acquired Full call number Barcode Date last seen Price effective from Koha item type
        Humanity Science Central Library Central Library 01/20/2022 823 BER GF1257 01/20/2022 01/20/2022 Gift Books

Powered by Koha